MDQL
is popping MORE tags! Check the
thread
!
Quizzes
Events
Quiz Creation
Community
Videos
Private Events
Remove Ads
Sign In
Join for FREE
Feedback
Dark Mode
Quiz Categories
Sports
Geography
Music
Movies
Television
Just For Fun
Miscellaneous
History
Literature
Language
Science
Gaming
Entertainment
Religion
Holiday
For Kids
Quiz Lab
Recent
Popular Today
Quiz Kudos Today
Editor Picks
Curator Picks
Quizzes by...
Day
Popularity
Type
Ratings
Length
Year
Community
Subscriptions
Recent Discussions
Orange Saloon
Badges
Playlists
Quests
Create
Leaderboards
Showdown
Live 5
Trivia Bingo
Activity
Puzzle Library
Sporcle Events
Private Events
Virtual Trivia
Globe League
Become a Host
Pub Owners
SporcleCon
Opinionation
Our Games
Videos
Blog
Mobile Apps
Partnerships
Remove Ads and Go Orange
Feedback
Movies
Disney
Marvel Cinematic Universe
Movie Resume
Movie Titles
Oscar
Actor
Actress
Director
Pixar
Role
Movie Quotes
Movie Characters
Box Office
Nominee
Best Picture
Star Wars
James Bond
Horror Movies
Movies
Disney
Marvel Cinematic Universe
Movie Resume
Movie Titles
Oscar
Actor
Actress
Director
Pixar
Role
Movie Quotes
Movie Characters
Box Office
Nominee
Best Picture
Star Wars
James Bond
Horror Movies
Random Quiz
Search Sporcle
×
Quiz Lab
Quiz Lab
Movies
Movie Titles
Type in answers that appear in a list
Type in answers that appear in a list
Classic
Best Score? Go Orange.
Missing Word: Veronica Lake Stats
Can you name the word missing from these Veronica Lake movie titles?
By
Puzzgal
30s
8 Questions
87 Plays
87 Plays
87 Plays
Comments
Comments
Give Quiz Kudos
Give Quiz Kudos
-
- Ratings
hide this ad
Replay
Link that replays current quiz
Next Quiz
Link to next quiz in quiz playlist
You Got
0%
They Got
Avg Score
63%
Avg Friend Score
Upgrade to see
Score Distribution
Jump to the score distribution portion of the page
Score
0/8
Timer
00:30
0
Plays Today
Movie Title
Missing Word
% Correct
_
_
_
_
_
Spangled Rhythm
Star
79.1%
So Proudly We _
_
_
_
_
!
Hail
67.4%
This Gun For _
_
_
_
_
Hire
66.3%
Sullivan's _
_
_
_
_
Travels
62.8%
Out of this _
_
_
_
_
World
60.5%
I _
_
_
_
_
a Witch
Married
58.1%
The _
_
_
_
_
Dahlia
Blue
58.1%
Hold _
_
_
_
_
the Dawn
Back
54.7%
Quiz Playlist
Details
Report
Send in Message
Add To Playlist
Classic:
Type in answers that appear in a list
Last Updated: Feb 16, 2017
Quiz Scoreboard
CHALLENGE
Sign Up to Join the Scoreboard
Show All
Scores
Hide
Comments
May contain spoilers
Recently Published
Holiday 10x10 Sorting Gallery
by lukepisani3
Holiday
15m
Two Season TV Shows II
by 123Four
Television
10m
Image Sorting: Flags VI
by Barbecue
Geography
2m
More to Explore
Quiz From the Vault
Featured Blog Post
14 Easter Pick-up Lines to Find Eggs With
hide this ad
You Might Also Like...
Tags
Actress Quiz
Missing Word Quiz
Movie Titles Quiz
Classic Hollywood
lake
Veronica
Today's Top Quizzes in Movies
Browse Movies
hide this ad
Today's Top Quizzes in Movie Titles
Browse Movie Titles
Top Contributed Quizzes in Movies
1
The ultimate James Bond movie quiz
2
Find The 'Big' Movie
3
Find The 'Wild' Movie
4
Find The 'Blue' Movie
5
Movies By Plot
6
Hidden Star Wars Character II
7
Hidden Star Wars Character III
8
😉 2024 Oscar Nominees by Emoji
9
Hidden Star Wars Character IV
10
25 Best Actor Nominees (1990s)
Explore More
Trending Topics
Crossword
Kpop
Marvel
Harry Potter
NBA
Anime
Disney
WWE
Puzzle
Song
The Office
Soccer
Country
Pokémon
NFL
hide this ad
More By:
Puzzgal
Quiz
Plays
Rating
Category
Featured
Created
Categorize the Countries
172,636
4.55
Geography
Mar 23, 2014
Categorize the Colors
163,376
4.51
Language
Jun 6, 2013
English Puns
132,605
4.26
Language
Dec 14, 2013
Follow That Lyric: The Sound of Music
120,146
4.42
Entertainment
Oct 25, 2012
Movie Title Missing Person
117,624
4.55
Movies
May 14, 2012
Go to Creator's Profile
Score Distribution
Quiz Creator Spotlight
Puzzgal
Follow
Send a Message
Quizzes Created
-
Created Quiz Play Count
-
More By This Creator
Popular Quizzes Today
1
Find the US States - No Outlines Minefield
2
Colored Red Africa Blitz
3
Find the 'City' Movie
4
The Countries of the World
5
Find the US States
6
5x2 Blitz: Bands
7
Find the Countries of Europe - No Outlines Minefield
8
US States
More Movies Quizzes
This Movie Is Not Suitable for Children
Published
Trending Quizzes
Colored Red Europe Blitz I
Colored Red Europe Blitz II
Colored Red Africa Blitz II
Colored Red Africa Blitz III
Colored Red Europe Blitz III
Recently Updated
Odd Team Out - Big 4 Players
pecheneg
Quick Pick: 20 Twenties
pecheneg
March Madness Men's Triple Doubles
pecheneg
How Do You Spell That?
pecheneg
Godzilla Movies
pecheneg
Grab Bag: 4-10 Letters
pecheneg
2024 March Madness Bracket
pecheneg
Famous TV Couples
Peacemaker
Champions League XIs: Real Madrid
pecheneg
Largest US Cities 1790-2010
pecheneg
Trending Topics
NBA
Disney
Kpop
Marvel
Anime
Harry Potter
Crossword
WWE
The Office
Puzzle
Song
Soccer
Pokémon
Country
NFL
Your Account Isn't Verified!
In order to create a playlist on Sporcle, you need to verify the email address you used during registration. Go to your
Sporcle Settings
to finish the process.
Report this User
Report this user for behavior that violates our
Community Guidelines
.
Details:
Send Report
Go to the Sporcle.com Mobile Site →
Comments